000 00329nam a2200109Ia 4500
008 171211s9999 xx 000 0 und d
245 4 _aThe Art of Aikido. Principles and Essential Techniques
245 _cKisshomaru Ueshiba
260 _c2004
650 _xMartial Arts
856 _uhttp://down.ebook777.com/053/9784770029454.pdf
999 _c348262
_d348262